[Event "5th Washington Int 2016"]
[Site "Rockville USA"]
[Date "2016.08.16"]
[Round "8.3"]
[White "Balakrishnan, Praveen"]
[Black "Holt, Conrad"]
[Result "1/2-1/2"]
[WhiteTitle "FM"]
[BlackTitle "GM"]
[WhiteElo "2394"]
[BlackElo "2541"]
[WhiteFideId "2064871"]
[BlackFideId "2034387"]
[EventDate "2016.08.13"]

1. e4 e6 2. d4 d5 3. Nc3 Bb4 4. e5 Ne7 5. a3 Bxc3+ 6. bxc3 c5 7. Qg4 O-O 8. Bd3
Nbc6 9. Qh5 Ng6 10. Nf3 Qc7 11. Be3 c4 12. Bxg6 fxg6 13. Qg4 Qf7 14. Ng5 Qe8 15.
h4 Bd7 16. Qe2 b5 17. g4 a5 18. h5 gxh5 19. Rxh5 h6 20. Nh3 b4 21. g5 Rf5 22.
Rh4 h5 23. Rxh5 b3 24. Nf4 Rxf4 25. Bxf4 Qg6 26. Rh4 Rb8 27. O-O-O Be8 28. Rdh1
Kf8 29. cxb3 cxb3 30. Kb2 a4 31. Rc1 Na5 32. c4 Nxc4+ 33. Rxc4 dxc4 34. Rh8+ Kf7
35. Qxc4 Qf5 36. Be3 Kg6 37. Qe2 Kf7 38. Qc4 Rd8 39. Qc5 Kg6 40. Qc3 Ra8 41. Qc1
Bc6 42. Rxa8 Bxa8 43. Qc8 Kh5 44. Qc1 Bd5 45. Qd1+ Bf3 46. Qb1 Be4 47. Qd1+ Kh4
48. Qe1 Qf3 49. Qd2 Kh3 50. Qe1 Kg2 51. Qd2 Bf5 52. Qe1 Qe4 53. Qd1 g6 54. Kc3
Qc6+ 55. Kb2 Qc4 56. f4 Kg3 57. Qc1 Qd3 58. Qd2 Qb1+ 59. Kc3 Qf1 60. Kb4 Kf3 61.
Qc3 Qa6 62. Bc1+ Bd3 63. Qc5 Qb7+ 64. Kc3 b2 65. Bxb2 Qb3+ 66. Kd2 Bc4 67. Bc3
Be2 68. Kc1 Bd3 69. Bb2 Ke2 70. Bc3 1/2-1/2

[Event "5th Washington Int 2016"]
[Site "Rockville USA"]
[Date "2016.08.16"]
[Round "8.4"]
[White "Arun Prasad, S."]
[Black "Sevian, Samuel"]
[Result "1/2-1/2"]
[WhiteTitle "GM"]
[BlackTitle "GM"]
[WhiteElo "2491"]
[BlackElo "2600"]
[WhiteFideId "5011167"]
[BlackFideId "2040506"]
[EventDate "2016.08.13"]

1. Nf3 d5 2. d4 Nf6 3. c4 e6 4. Nc3 c6 5. e3 Nbd7 6. Qc2 Bd6 7. b3 O-O 8. Be2 e5
9. cxd5 cxd5 10. Nb5 Bb4+ 11. Bd2 Bxd2+ 12. Nxd2 a6 13. dxe5 Nxe5 14. Nd4 Bg4
15. Bxg4 Nfxg4 16. O-O Rc8 17. Qd1 Rc5 18. N2f3 Qc7 19. Nxe5 Nxe5 20. Qe2 Rc8
21. Rfd1 g6 22. Rd2 h5 23. f3 Rc3 24. Rad1 Qc5 25. Qf2 Nc6 26. Nxc6 Rxc6 27.
Rxd5 Qxe3 28. Qxe3 Rxe3 29. Kf2 Rec3 30. R1d2 Kg7 31. h4 b5 32. Kg3 Re6 1/2-1/2

[Event "5th Washington Int 2016"]
[Site "Rockville USA"]
[Date "2016.08.16"]
[Round "8.5"]
[White "Boros, Denes"]
[Black "Chandra, Akshat"]
[Result "1-0"]
[WhiteTitle "GM"]
[BlackTitle "IM"]
[WhiteElo "2441"]
[BlackElo "2489"]
[WhiteFideId "722340"]
[BlackFideId "25006711"]
[EventDate "2016.08.13"]

1. d4 d5 2. Nf3 Nf6 3. g3 e6 4. c4 Bb4+ 5. Bd2 Be7 6. Bg2 O-O 7. O-O c6 8. Bf4
Nbd7 9. Nc3 b6 10. Rc1 dxc4 11. Nd2 Nd5 12. Nxc4 Nxf4 13. gxf4 Bb7 14. a3 Nf6
15. Ne5 Nd5 16. e3 Rc8 17. Qa4 a5 18. Rfd1 Rc7 19. Rd2 Nxc3 20. Rxc3 c5 21. Bxb7
Rxb7 22. Qc2 Qa8 23. dxc5 bxc5 24. Nd7 Rd8 25. Nxc5 Rxd2 26. Qxd2 Rb8 27. Nd7
Rd8 28. Rd3 h5 29. Qd1 h4 30. h3 Qc8 31. Rd4 Qc7 32. Qd2 Rc8 33. Ne5 Qc1+ 34.
Qxc1 Rxc1+ 35. Kg2 Rc2 36. Rd7 Bf6 37. Nxf7 Rxb2 38. Ng5 Bxg5 39. fxg5 Rb5 40.
f4 Rb3 41. g6 Kf8 42. Rf7+ Kg8 43. Re7 Kf8 44. Rxe6 Rxa3 45. Kf3 Ra1 46. Kg4 a4
47. Ra6 Re1 48. Rxa4 Rxe3 49. Kxh4 Ke7 50. Ra6 Rf3 51. Kg4 Rf1 52. h4 Rb1 53.
Kg5 Rg1+ 54. Kf5 Rb1 55. Ra5 Rc1 56. h5 Rh1 57. Ke4 Re1+ 58. Kf3 Rf1+ 59. Kg3
Rg1+ 60. Kh2 Rg4 61. Rf5 Ke6 62. Rf7 Rh4+ 63. Kg3 Rxh5 64. Kg4 Rh1 65. f5+ Kd6
66. Rxg7 Ke5 67. Re7+ Kf6 68. Rf7+ Ke5 69. g7 Rg1+ 70. Kh5 Kf4 71. Kh6 Rh1+ 72.
Kg6 Rg1+ 73. Kf6 Rg5 74. Ke7 1-0

[Event "5th Washington Int 2016"]
[Site "Rockville USA"]
[Date "2016.08.16"]
[Round "8.7"]
[White "Bregadze, Levan"]
[Black "Shen, Arthur"]
[Result "0-1"]
[WhiteTitle "IM"]
[BlackTitle "IM"]
[WhiteElo "2465"]
[BlackElo "2401"]
[WhiteFideId "13603264"]
[BlackFideId "2030535"]
[EventDate "2016.08.13"]

1. Nf3 d5 2. g3 c6 3. Bg2 Bg4 4. d3 Nf6 5. h3 Bxf3 6. Bxf3 e5 7. Nd2 Bc5 8. e4
O-O 9. Qe2 Nbd7 10. O-O a5 11. exd5 Nxd5 12. Ne4 Bd4 13. Bg2 Qc7 14. c3 Ba7 15.
b3 f5 16. Ng5 Qd6 17. Bd2 Rae8 18. Kh1 Nc5 19. Rae1 h6 20. d4 Nd7 21. c4 N5f6
22. c5 Qxd4 23. Nf3 Qe4 24. Qd1 Qd3 25. Re3 Qb5 26. Nh4 Bxc5 27. Rf3 f4 28. gxf4
Ne4 29. a4 Qb6 30. b4 Nxf2+ 31. R1xf2 Bxf2 32. Qb3+ Rf7 33. Nf5 e4 34. Nd6 Re7
35. Nc8 exf3 36. Nxe7+ Kf8 37. Ng6+ Kg8 38. Ne7+ Kf8 39. Ng6+ Ke8 40. Qe6+ Kd8
41. Qxf7 Qd4 42. Qe7+ Kc7 43. Bxf3 Qa1+ 44. Be1 Bxe1 45. Kg2 Bxb4 46. Qf7 Bc5
47. h4 Qf6 48. Qe8 Qb2+ 49. Kh3 Bg1 50. Qf7 Qf6 51. Qe8 Bc5 52. h5 Qf5+ 53. Kg3
Bd6 54. Bg4 Qxg4+ 0-1

[Event "5th Washington Int 2016"]
[Site "Rockville USA"]
[Date "2016.08.16"]
[Round "8.8"]
[White "Bodek, Michael H"]
[Black "Ashwin, Jayaram"]
[Result "1/2-1/2"]
[WhiteTitle "IM"]
[BlackTitle "GM"]
[WhiteElo "2386"]
[BlackElo "2465"]
[WhiteFideId "2043858"]
[BlackFideId "5018137"]
[EventDate "2016.08.13"]

1. e4 c6 2. d4 d5 3. Nc3 dxe4 4. Nxe4 Bf5 5. Ng3 Bg6 6. Nh3 e6 7. Bc4 Bd6 8. O-O
Ne7 9. Bb3 Nd7 10. Nf4 Nd5 11. Nfh5 O-O 12. c4 Ne7 13. Bg5 Re8 14. Qg4 a5 15. c5
Bc7 16. Rae1 Qc8 17. Rxe6 Nf8 18. Nxg7 Kxg7 19. Nh5+ Kg8 20. Nf6+ Kh8 21. Nxe8
Nxe6 22. Nxc7 Nxc7 23. Qe2 Ned5 24. Qe5+ Kg8 25. Bh6 f6 26. Qxf6 Qd7 27. Re1 Qf7
28. Qd6 Ne8 29. Qg3 Ng7 30. Bxg7 Qxg7 31. h4 Bf7 32. Qxg7+ Kxg7 33. a3 Re8 34.
Rxe8 Bxe8 35. Bxd5 cxd5 36. f3 a4 37. g4 h5 38. Kf2 Kf6 39. Ke3 Bf7 1/2-1/2

[Event "5th Washington Int 2016"]
[Site "Rockville USA"]
[Date "2016.08.16"]
[Round "8.9"]
[White "Tang, Andrew"]
[Black "Song, Michael"]
[Result "1/2-1/2"]
[WhiteTitle "IM"]
[BlackTitle "FM"]
[WhiteElo "2441"]
[BlackElo "2373"]
[WhiteFideId "2059630"]
[BlackFideId "2613190"]
[EventDate "2016.08.13"]

1. d4 Nf6 2. c4 g6 3. f3 Bg7 4. e4 d6 5. Nc3 O-O 6. Nge2 c5 7. d5 e6 8. Ng3 exd5
9. cxd5 a6 10. a4 Nbd7 11. Be2 Ne8 12. Be3 Nc7 13. O-O Rb8 14. a5 b5 15. axb6
Nb5 16. Nxb5 axb5 17. Qd2 Nxb6 18. f4 Nc4 19. Bxc4 bxc4 20. e5 dxe5 21. Bxc5 Re8
22. Ne4 Rb5 23. Qf2 Qxd5 24. Nd6 Rxb2 25. Rfd1 Qxd6 26. Bxd6 Rxf2 27. Kxf2 exf4
28. Ra8 Bd7 29. Rxe8+ Bxe8 30. Bxf4 Bf6 31. g4 Bh4+ 1/2-1/2